All 101 Dalmatians characters by screen time - Statistics

General Stats
  • This quiz has been taken 11 times
  • The average score is 8 of 21
Answer Stats
% Of Movie Screen Time Answer % Correct
10.70 8:28 Cruella De Vil
100%
29.92 23:41 Pongo
100%
7.75 6:08 Anita
56%
11.20 8:52 Horrace
56%
13.88 10:59 Jasper
44%
8.51 6:44 Lucky
44%
6.53 5:10 Patch
44%
21.33 16:53 Roger
44%
6.74 5:20 Rolly
44%
6.44 5:06 Colonel
33%
5.73 4:32 Freckles
33%
5.79 4:35 Nanny
33%
8.19 6:29 Seargent Tibbs
33%
1.98 1:34 Captain
22%
2.59 2:03 Danny
22%
5.16 4:05 Penny
22%
1.03 :49 Collie
11%
1.68 1:20 Labrador
11%
14.57 11:32 Perdite
0%
1.60 1:16 Quizmaster
0%
2.42 1:55 Towser
0%
No matching quizzes found
Score Distribution
Percent of People with Each Score
Percentile by Number Answered
Your Score History
You have not taken this quiz